The Faber Book Of Science (Record no. 577110)

MARC details
000 -LEADER
fixed length control field 01130nam a22001457a 4500
008 - FIXED-LENGTH DATA ELEMENTS--GENERAL INFORMATION
fixed length control field 250723b |||||||| |||| 00| 0 eng d
020 ## - INTERNATIONAL STANDARD BOOK NUMBER
ISBN 9780571179015
Paper back/Hardbound pbk
082 ## - DEWEY DECIMAL CLASSIFICATION NUMBER
Classification number 500
Item number CAR
245 ## - TITLE STATEMENT
Title The Faber Book Of Science
Sub Title :
Statement of responsibility, etc John Carey
260 ## - PUBLICATION, DISTRIBUTION, ETC. (IMPRINT)
Place of publication London
Name of publisher Faber And Faber Limited
Year of publication 1996
300 ## - PHYSICAL DESCRIPTION
Number of Pages 528p
520 ## - SUMMARY, ETC.
Summary, etc <br/>The Faber Book of Science introduces hunting spiders and black holes, gorillas and stardust, protons, photons and neutrinos. In his acclaimed anthology, John Carey plots the development of modern science from Leonardo da Vinci to Chaos Theory. The emphasis is on the scientists themselves and their own accounts of their breakthroughs and achievements. The classic science-writers are included - Darwin, T.H. Huxley and Jean Henri Fabre tracking insects through the Provencal countryside. So too are today's experts - Steve Jones on the Human Genome Project, Richard Dawkins on DNA and many other representatives of the contemporary genre of popular science-writing which, John Carey argues, challenges modern poetry and fiction in its imaginative power.
942 ## - ADDED ENTRY ELEMENTS (KOHA)
Koha item type English Books

No items available.

Find us on the map